La Colección Egipcia del Museo Nacional de Bellas Artes de la Habana = The Egyptian collection of the National Museum of Fine Arts in Havana /
Main Author:
Corporate Author:
Format: Book
Language:
Spanish
English
Published:
La Habana :
Museo Nacional de Bellas Arts de la Habana,
2015.
Subjects:
Tags: Add Tag
Call Number: DT59 .H18 2015
| LEADER | 01124namaa2200277 4500 | ||
|---|---|---|---|
| 003 | OSt | ||
| 005 | 20260517134454.0 | ||
| 008 | 130303s2015 cu ab bc 000 0 spa d | ||
| 020 | |a 9788494026164 | ||
| 040 | |c ARCE Library | ||
| 041 | 0 | |a spa |a eng | |
| 043 | |a f-ua--- | ||
| 050 | 4 | |a DT59 .H18 2015 | |
| 100 | 1 | |a Álvarez Sosa, Milagros, |e author |9 40312 | |
| 245 | 1 | 3 | |a La Colección Egipcia del Museo Nacional de Bellas Artes de la Habana = |b The Egyptian collection of the National Museum of Fine Arts in Havana / |c Milagros Álvarez Sosa, Aymée Chicuri Lastra, Irene Morfini. |
| 246 | 3 | 1 | |a The Egyptian collection of the National Museum of Fine Arts in Havana. |
| 264 | 1 | |a La Habana : |b Museo Nacional de Bellas Arts de la Habana, |c 2015. | |
| 300 | |a 245 pages : |b illustrations, map ; |c 25 cm. | ||
| 504 | |a Includes bibliograhical references. | ||
| 546 | |a Texts in Spanish and English. | ||
| 650 | 0 | |a Art, Egyptian |v Catalogs. | |
| 651 | 0 | |a Egypt |x Antiquities |v Catalogs. | |
| 710 | 2 | |a Museo Nacional de Bellas Artes de la Habana (Cuba). |b Egyptian Collection | |
| 901 | |a reviewed | ||
| 942 | |c BK |2 lcc | ||
| 999 | |c 6370 |d 6370 | ||
